000 00235nam a2200097Ia 4500
001 648564
005 20250826153724.0
008 250824s9999 xx 000 0 und d
245 0 _aGÜL YARASI
_cHASAN NAİL CANAT
260 _bGENÇ TİMAŞ
999 _c648564
_d648564